Home Print Resources E-Books E-Journals IIMT Lecture Series Library Membership Form Book Recommendation Form Campus Tour Take AdmissionAbout Us Contact Us

CORPORATE SUCESS AND TRANSFORMATIONAL LEADERSHIP (Record no. 1294)

000 -LEADER
fixed length control field 00405nam a2200157Ia 4500
003 - CONTROL NUMBER IDENTIFIER
control field OSt
005 - DATE AND TIME OF LATEST TRANSACTION
control field 20240311104524.0
008 - FIXED-LENGTH DATA ELEMENTS--GENERAL INFORMATION
fixed length control field 170523s9999 xx 000 0 und d
020 ## - INTERNATIONAL STANDARD BOOK NUMBER
International Standard Book Number 978-8122402650
040 ## - CATALOGING SOURCE
Transcribing agency iimtu meerut
100 ## - MAIN ENTRY--PERSONAL NAME
Personal name SINGH- BHANDARKER
245 #0 - TITLE STATEMENT
Title CORPORATE SUCESS AND TRANSFORMATIONAL LEADERSHIP
260 ## - PUBLICATION, DISTRIBUTION, ETC.
Name of publisher, distributor, etc. NEW AGE INTERNATIONAL PUBLICATION
260 ## - PUBLICATION, DISTRIBUTION, ETC.
Date of publication, distribution, etc. 2003
942 ## - ADDED ENTRY ELEMENTS (KOHA)
Source of classification or shelving scheme
Koha item type Book Bank
Holdings
Withdrawn status Lost status Source of classification or shelving scheme Damaged status Not for loan Home library Current library Date acquired Barcode Date last seen Uniform Resource Identifier Price effective from Koha item type
          IIMT University Central Library Meerut IIMT University Central Library Meerut 05/30/2017 01-B-5852 05/30/2017 MANEGEMENT 05/30/2017 Book Bank
          IIMT University Central Library Meerut IIMT University Central Library Meerut 05/30/2017 01-B-5853 05/30/2017 MANEGEMENT 05/30/2017 Book Bank
          IIMT University Central Library Meerut IIMT University Central Library Meerut 05/30/2017 01-B-5854 05/30/2017 MANEGEMENT 05/30/2017 Book Bank
          IIMT University Central Library Meerut IIMT University Central Library Meerut 05/30/2017 01-B-5855 05/30/2017 MANEGEMENT 05/30/2017 Book Bank
IIMT, Central Library. All Rights Reserved IIMT,UNIVERSITY © 2023
Implemented and Customised by I CLOUDE EMS
You Are OPAC Visitor No
free web counter

Powered by Koha